Applied Mathematics IV (Computer and IT) (Record no. 22137)
[ view plain ]
| 000 -LEADER | |
|---|---|
| fixed length control field | 00315nam a2200133Ia 4500 |
| 082 ## - DEWEY DECIMAL CLASSIFICATION NUMBER | |
| Classification number | 519/KUM |
| Item number | KUM |
| 100 ## - MAIN ENTRY--PERSONAL NAME | |
| Personal name | Kumbhojkar / G.V |
| 245 ## - TITLE STATEMENT | |
| Title | Applied Mathematics IV (Computer and IT) |
| 260 ## - PUBLICATION, DISTRIBUTION, ETC. | |
| Name of publisher, distributor, etc. | Pearson Education |
| Place of publication, distribution, etc. | Mumbai |
| Date of publication, distribution, etc. | 2007 |
| 546 ## - LANGUAGE NOTE | |
| Language note | ENGLISH |
| 654 ## - SUBJECT ADDED ENTRY--FACETED TOPICAL TERMS | |
| Focus term | mathematics IV |
| 942 ## - ADDED ENTRY ELEMENTS (KOHA) | |
| Koha item type | BOOK |
| Withdrawn status | Lost status | Damaged status | Not for loan | Collection | Home library | Current library | Shelving location | Date acquired | Total Checkouts | Full call number | Barcode | Date last seen | Date last checked out | Price effective from | Koha item type |
|---|---|---|---|---|---|---|---|---|---|---|---|---|---|---|---|
| CRC | Fr. Agnel's C.Rodrigues College of Engineering | Fr. Agnel's C.Rodrigues College of Engineering | 17/03/2023 | 1 | 519/KUM KUM | 17221 | 18/07/2025 | 13/06/2025 | BOOK |